Human factors in engineering and design (Record no. 30530)

MARC details
000 -LEADER
fixed length control field 00340nam a2200133Ia 4500
082 ## - DEWEY DECIMAL CLASSIFICATION NUMBER
Classification number 062
Item number MCC
100 ## - MAIN ENTRY--AUTHOR NAME
Personal name Mccormick, Ernest J
245 #0 - TITLE STATEMENT
Title Human factors in engineering and design
250 ## - EDITION STATEMENT
Edition statement 4
260 ## - PUBLICATION, DISTRIBUTION, ETC. (IMPRINT)
Place of publication New Delhi
Name of publisher Tata McGraw Hill
Year of publication 1976
650 ## - SUBJECT ADDED ENTRY--TOPICAL TERM
Topical Term Engineering
942 ## - ADDED ENTRY ELEMENTS (KOHA)
Koha item type Books
Holdings
Withdrawn status Lost status Damaged status Not for loan Home library Current library Date acquired Cost, normal purchase price Full call number Accession Number Koha item type
        RRII Library RRII Library 16/12/2021 28.50 062 MCC 11102 Books